书目信息 |
| 题名: |
铁琴铜剑楼藏书题跋集录
|
|
| 作者: | 瞿良士 辑 | |
| 分册: | ||
| 出版信息: | 上海 上海古籍出版社 1985 |
|
| 页数: | 365页 | |
| 开本: | 19cm | |
| 丛书名: | ||
| 单 册: | ||
| 中图分类: | Z842 | |
| 科图分类: | ||
| 主题词: | 古籍-题跋--中国--汇编 , 题跋-古籍--中国--汇编 , 私人藏书--图书目录 | |
| 电子资源: | ||
| ISBN: | ||
| 000 | 00685nam0 2200241 45 | |
| 001 | 0185020910 | |
| 005 | 20060105141922.82 | |
| 010 | @dCNY1.60 | |
| 091 | @a17186.46 | |
| 100 | @a19960423d1985 em y0chiy0121 ea | |
| 101 | 0 | @achi |
| 102 | @aCN@b310000 | |
| 105 | @ay z 000yy | |
| 200 | 10 | @a铁琴铜剑楼藏书题跋集录@Atie qin tong jian lou cang shu ti ba ji lu@f瞿良士辑@Fqu liang shi ji |
| 210 | @a上海@c上海古籍出版社@d1985 | |
| 215 | @a365页@d19cm | |
| 606 | @a古籍-题跋@y中国@x汇编 | |
| 606 | @a题跋-古籍@y中国@x汇编 | |
| 606 | 0 | @a私人藏书@x图书目录 |
| 690 | @aZ842 | |
| 701 | 0 | @a瞿良士@Aqu liang shi@4辑 |
| 801 | 0 | @aCN@bNLC@c20060105 |
| 905 | @f2@b164930-931@dZ842@e2 | |
| 铁琴铜剑楼藏书题跋集录/瞿良士辑.-上海:上海古籍出版社,1985 |
| 365页;19cm |
| ISBN :CNY1.60 |
| ● |
| 相关链接 |
|
|
|
|
正题名:铁琴铜剑楼藏书题跋集录
索取号:Z842/2
 
预约/预借
| 序号 | 登录号 | 条形码 | 馆藏地/架位号 | 状态 | 备注 |
| 1 | 0164930 | 001557416 | 第二样本阅览室/ [索取号:Z842/2] | 在馆 | |
| 2 | 0164931 | 001557425 | 第三借阅区/ [索取号:Z842/2] | 在馆 | |
| 3 | 0164932 | 202185955 | 密集书库/ [索取号:Z842/2] | 在馆 | |
| 4 | 0164933 | 202185580 | 密集书库/ [索取号:Z842/2] | 在馆 | |
| 5 | 0164934 | 202185919 | 密集书库/ [索取号:Z842/2] | 在馆 |